Southville International School and Colleges
Your cart is empty.
  • Cart
  • Lists
    Public lists Eva Luna New books Lux_list list_1
    Your lists Log in to create your own lists
  • Log in to your account
  • Your cookies
  • Search history
Southville International School and Colleges
  • Advanced search
  • Recent comments
  • Most popular
  • Libraries

Log in to your account

Log in with GOOGLE


If you do not have an external account, but do have a local account, you can still log in:

  1. Home
  2. MARC view: The poetics of digital media
Normal view MARC view ISBD view

The poetics of digital media (Record no. 365853)

[ view plain ]
MARC details
000 -LEADER
fixed length control field 00574nam a22001937a 4500
003 - CONTROL NUMBER IDENTIFIER
control field 0
005 - DATE AND TIME OF LATEST TRANSACTION
control field 20240111124032.0
008 - FIXED-LENGTH DATA ELEMENTS--GENERAL INFORMATION
fixed length control field 240111b xxu||||| |||| 00| 0 eng d
020 ## - INTERNATIONAL STANDARD BOOK NUMBER
International Standard Book Number 978-0-7456-5132-3
050 ## - LIBRARY OF CONGRESS CALL NUMBER
Classification number P 90
Item number .F76 2019
100 ## - MAIN ENTRY--PERSONAL NAME
Personal name Frosh, Paul
245 ## - TITLE STATEMENT
Title The poetics of digital media
Statement of responsibility, etc Paul Frosh
260 ## - PUBLICATION, DISTRIBUTION, ETC. (IMPRINT)
Place of publication, distribution, etc Medford, MA
Name of publisher, distributor, etc Polity
Date of publication, distribution, etc c2019.
300 ## - PHYSICAL DESCRIPTION
Extent xix, 220 pages ;
Dimensions 22 cm.
504 ## - BIBLIOGRAPHY, ETC. NOTE
Bibliography, etc Includes bibliographical references, glossary, and index.
650 ## - SUBJECT ADDED ENTRY--TOPICAL TERM
Topical term or geographic name as entry element Mass media--Philosophy.
650 ## - SUBJECT ADDED ENTRY--TOPICAL TERM
Topical term or geographic name as entry element Digital media--Philosophy.
942 ## - ADDED ENTRY ELEMENTS (KOHA)
Source of classification or shelving scheme Library of Congress Classification
Koha item type Books
Holdings
Withdrawn status Lost status Source of classification or shelving scheme Damaged status Home library Current library Shelving location Date acquired Source of acquisition Sub Shelving location Total Checkouts Full call number Barcode Date last seen Price effective from Koha item type
    Library of Congress Classification   College Library College Library Reserve Section 01/11/2024 Library Fund     P 90 .F76 2019 C23242 01/11/2024 01/11/2024 Books
    Library of Congress Classification   College Library College Library Reserve Section 08/15/2024 Library Fund     P 90 .F76 2019 C23381 08/15/2024 08/15/2024 Books

The poetics of digital media

APA

Frosh P., . (2019). The poetics of digital media. Medford, MA: Polity.

Chicago

Frosh Paul, . 2019. The poetics of digital media. Medford, MA: Polity.

Harvard

Frosh P., . (2019). The poetics of digital media. Medford, MA: Polity.

MLA

Frosh Paul, . The poetics of digital media. Medford, MA: Polity. 2019.

  • Place hold
  • Print
  • Cite
  • Add to your cart (remove)
  • Save record
    BIBTEX Dublin Core MARCXML MARC (non-Unicode/MARC-8) MARC (Unicode/UTF-8) MARC (Unicode/UTF-8, Standard) MODS (XML) RIS
  • More searches
    Search for this title in:
    Other Libraries (WorldCat) Other Databases (Google Scholar) Online Stores (Bookfinder.com) Open Library (openlibrary.org)

Exporting to Dublin Core...

SOUTHVILLE LIBRARY

Southville International School and Colleges Library

1281 Tropical Ave. Cor. Luxembourg St., BF Homes International, Las Pinas City

Tel. No. 8256374 / 252358 Loc. 117/146

Powered by Koha